Educación de la expresión de la sexualidad humana /

En el artículo se parte de que la sexualidad humana es una dimensión de la persoanlidad impregnada desde la concepción por las mismas características biosicosociales y espirituales de la persona. Así mismo se plantea que educar a las personas en la expresión de la sexualidad es un proceso desafiante...

Celý popis

Uloženo v:
Podrobná bibliografie
Hlavní autor: Carballo Vargas, Sonia
Médium: Text
Témata:
Tagy: Přidat tag
Žádné tagy, Buďte první, kdo vytvoří štítek k tomuto záznamu!

MARC

LEADER 00000 a a2200000 04500
001 5530
003
040
100 |a Carballo Vargas, Sonia  
245 |a Educación de la expresión de la sexualidad humana /  |c Sonia Carballo Vargas 
520 |a En el artículo se parte de que la sexualidad humana es una dimensión de la persoanlidad impregnada desde la concepción por las mismas características biosicosociales y espirituales de la persona. Así mismo se plantea que educar a las personas en la expresión de la sexualidad es un proceso desafiante y placentero, dinámico y nunca acabado, que permite construir y reconstruir sistemáticamente actitudes, valores, sentimientos, intereses, conocimiento y formas de comportamiento sano y racional y emocionalmente  
650 |a SEXUALIDAD  
650 |a EDUCACION  
650 |a ROLES DE LOS GENEROS  
650 |a DESARROLLO DE LA PERSONALIDAD  
650 |a REPRODUCCION HUMANA  
773 |g volumen 26, número 1; páginas 29-46  
999 |c 28480  |d 28480